[Event "World Junior Chess Championship U18 b"]
[Site "Gaziantep"]
[Date "2008.08.07"]
[Round "6.32"]
[White "Lortkipanidze, Nodar"]
[Black "Vocaturo, Daniele"]
[Result "1-0"]
[WhiteElo "2080"]
[BlackElo "2417"]
[PlyCount "63"]
[EventDate "2008.08.??"]
[EventType "swiss"]
[EventRounds "13"]
[EventCountry "TUR"]

1. e4 c5 2. c3 Nf6 3. e5 Nd5 4. d4 cxd4 5. cxd4 e6 6. Nc3 Nxc3 7. bxc3 d6 8. f4
dxe5 9. fxe5 Qh4+ 10. g3 Qe4+ 11. Kf2 Be7 12. Bg2 Qg6 13. Ne2 f6 14. Nf4 Qf7
15. exf6 Bxf6 16. Re1 g5 17. Bf3 O-O 18. Nd3 g4 19. Bxg4 Bxd4+ 20. Kg2 Bxc3 21.
Ba3 Bxe1 22. Qxe1 Rd8 23. Qe3 Nc6 24. Rf1 Qg6 25. Be2 Bd7 26. Qf4 e5 27. Nxe5
Nxe5 28. Qxe5 Re8 29. Bc4+ Be6 30. Bb2 Qc2+ 31. Rf2 Qxb2 32. Bxe6+ 1-0

[Event "World Junior Chess Championship U18 b"]
[Site "Gaziantep"]
[Date "2008.08.07"]
[Round "6.33"]
[White "Neimer, Vitaly"]
[Black "Durarbeyli, Vasif"]
[Result "1/2-1/2"]
[WhiteElo "2316"]
[BlackElo "2413"]
[PlyCount "26"]
[EventDate "2008.08.??"]
[EventType "swiss"]
[EventRounds "13"]
[EventCountry "TUR"]

1. e4 c5 2. Nc3 e6 3. Nge2 Nc6 4. g3 d5 5. exd5 exd5 6. Bg2 Nf6 7. d4 cxd4 8.
Nxd4 Bc5 9. Nb3 Bb4 10. O-O Be6 11. Ne2 O-O 12. c3 Bd6 13. Nf4 Bg4 1/2-1/2

[Event "World Junior Chess Championship U18 b"]
[Site "Gaziantep"]
[Date "2008.08.07"]
[Round "6.34"]
[White "Karthikeyan, Pandian"]
[Black "Constantinou, Peter"]
[Result "1/2-1/2"]
[WhiteElo "2402"]
[BlackElo "2225"]
[PlyCount "53"]
[EventDate "2008.08.??"]
[EventType "swiss"]
[EventRounds "13"]
[EventCountry "TUR"]

1. d4 g6 2. Nf3 Bg7 3. c3 d6 4. Bg5 Nf6 5. Nbd2 Nbd7 6. e4 e5 7. Bd3 O-O 8. O-O
h6 9. Bh4 Qe8 10. Re1 Nh5 11. Bg3 Nxg3 12. hxg3 Nf6 13. a4 Ng4 14. Nc4 Qe7 15.
Qc2 Kh8 16. a5 Rb8 17. Na3 c6 18. Rab1 Be6 19. Qd2 Rbd8 20. Nc2 Qc7 21. b4 d5
22. exd5 Bxd5 23. Nh4 exd4 24. cxd4 Rfe8 25. Red1 a6 26. Qc3 Qd6 27. Nf3
1/2-1/2

[Event "World Junior Chess Championship U18 b"]
[Site "Gaziantep"]
[Date "2008.08.07"]
[Round "6.35"]
[White "Benidze, Davit"]
[Black "Hughes, Tyler B"]
[Result "1-0"]
[WhiteElo "2389"]
[BlackElo "2161"]
[PlyCount "149"]
[EventDate "2008.08.??"]
[EventType "swiss"]
[EventRounds "13"]
[EventCountry "TUR"]

1. d4 Nf6 2. c4 g6 3. Nc3 Bg7 4. e4 d6 5. f3 O-O 6. Be3 c5 7. dxc5 dxc5 8. Qxd8
Rxd8 9. Bxc5 Nc6 10. Ba3 a5 11. Nd5 Nxd5 12. cxd5 Nb4 13. O-O-O Nxa2+ 14. Kb1
Nb4 15. Bc4 Bd7 16. Bxb4 axb4 17. Ne2 Ba4 18. Rd3 Rdc8 19. Bb3 Bb5 20. Rd2 Bh6
21. f4 Bc4 22. Bxc4 Rxc4 23. Rd4 Rxd4 24. Nxd4 Bxf4 25. g3 Be5 26. Nf3 Bg7 27.
Rc1 e6 28. d6 Rd8 29. e5 f6 30. Rc7 fxe5 31. Ng5 Rxd6 32. Rxb7 e4 33. Nxe4 Rd1+
34. Ka2 Rd4 35. Ng5 Rd6 36. Rxb4 h6 37. Ne4 Rd7 38. Rc4 Ra7+ 39. Kb1 Rb7 40.
Rc8+ Kh7 41. Rc2 g5 42. Nc5 Rb6 43. Re2 Kg6 44. Nd3 Kf7 45. Kc2 Ke7 46. Re4 Kd6
47. Ra4 Kd5 48. b3 Bf6 49. Nc1 Rc6+ 50. Kd2 Bc3+ 51. Kd3 Bb2 52. Ne2 e5 53.
Ra5+ Ke6 54. Ra2 Rd6+ 55. Ke4 Bd4 56. Rd2 Rb6 57. Nxd4+ exd4 58. Rd3 Rb4 59. g4
Rb5 60. Kxd4 Rb4+ 61. Kc5 Rxg4 62. Rd6+ Kf5 63. Rxh6 Rg2 64. b4 g4 65. b5 Rc2+
66. Kd6 Kg5 67. Rh8 Kf4 68. b6 Rb2 69. Kc7 Rc2+ 70. Kb8 Kf3 71. b7 Kg2 72. Rh4
Kf3 73. Rh6 Kf2 74. Ka7 Ra2+ 75. Kb6 1-0

[Event "World Junior Chess Championship U18 b"]
[Site "Gaziantep"]
[Date "2008.08.07"]
[Round "6.36"]
[White "Kulakov, Viacheslav"]
[Black "McPhillips, Karl"]
[Result "1-0"]
[WhiteElo "2360"]
[BlackElo "2221"]
[PlyCount "71"]
[EventDate "2008.08.??"]
[EventType "swiss"]
[EventRounds "13"]
[EventCountry "TUR"]

1. d4 Nf6 2. c4 e6 3. Nf3 b6 4. e3 Bb7 5. Bd3 d5 6. Nc3 Nbd7 7. O-O Bd6 8. cxd5
exd5 9. Qc2 a6 10. e4 dxe4 11. Nxe4 Be7 12. Ne5 Nxe5 13. dxe5 Nxe4 14. Bxe4
Bxe4 15. Qxe4 O-O 16. Be3 c5 17. Rad1 Qc7 18. Rd5 Rad8 19. e6 Rxd5 20. exf7+
Rxf7 21. Qxd5 Bf6 22. b3 Qd8 23. Qe6 Kf8 24. Bf4 Bd4 25. g3 g6 26. h4 Kg7 27.
h5 g5 28. h6+ Kg8 29. Bd6 Qa8 30. Kh2 c4 31. Re1 c3 32. a3 Bc5 33. Qe8+ Rf8 34.
Bxf8 Qxe8 35. Rxe8 Bxf8 36. Rb8 1-0

[Event "World Junior Chess Championship U18 b"]
[Site "Gaziantep"]
[Date "2008.08.07"]
[Round "6.37"]
[White "Vishnu, Prasanna Vasanthan"]
[Black "Vavric, Pavel"]
[Result "1-0"]
[WhiteElo "2341"]
[BlackElo "2218"]
[PlyCount "116"]
[EventDate "2008.08.??"]
[EventType "swiss"]
[EventRounds "13"]
[EventCountry "TUR"]

1. e4 c5 2. Nf3 Nc6 3. Nc3 g6 4. d4 cxd4 5. Nxd4 Bg7 6. Be3 Nf6 7. Bc4 O-O 8.
Bb3 a5 9. O-O a4 10. Nxa4 Nxe4 11. Nb5 Ra6 12. c4 d6 13. Qe2 Nf6 14. Rad1 Ng4
15. Bg5 h6 16. Bc1 Na5 17. Bc2 Be6 18. b3 Ne5 19. Nc5 Bg4 20. f3 Qb6 21. Be3
dxc5 22. fxg4 Nac6 23. Bb1 Rd8 24. Rxd8+ Nxd8 25. h3 Ne6 26. Qd2 g5 27. Nc3 Nd4
28. Ne4 Ra5 29. Kh1 Ng6 30. Ng3 Ra8 31. Qd3 Rd8 32. Qe4 e6 33. Rxf7 Kxf7 34.
Qxg6+ Kf8 35. Ne4 Qc7 36. h4 Ne2 37. Bxc5+ Qxc5 38. Nxc5 Rd1+ 39. Kh2 Be5+ 40.
g3 Bxg3+ 41. Kg2 Nf4+ 42. Kxg3 Nxg6 43. Bxg6 Rg1+ 44. Kh3 Rh1+ 45. Kg2 Ra1 46.
hxg5 Rxa2+ 47. Kf3 hxg5 48. Nxe6+ Ke7 49. Nd4 Kf6 50. Bf5 Ke5 51. Ke3 b6 52.
Nf3+ Kf6 53. b4 Ra4 54. Kd4 Rxb4 55. Kd5 Rb2 56. Kc6 Rb4 57. Kd5 Rb1 58. Kd6
Rd1+ {.....} 1-0

[Event "World Junior Chess Championship U18 b"]
[Site "Gaziantep"]
[Date "2008.08.07"]
[Round "6.38"]
[White "Djuraev, Sokhib"]
[Black "Oliver, Gareth"]
[Result "1/2-1/2"]
[WhiteElo "2324"]
[BlackElo "2196"]
[PlyCount "117"]
[EventDate "2008.08.??"]
[EventType "swiss"]
[EventRounds "13"]
[EventCountry "TUR"]

1. e4 c5 2. Nf3 d6 3. d4 cxd4 4. Nxd4 Nf6 5. Nc3 g6 6. f4 Nc6 7. Bc4 Nxd4 8.
Qxd4 Bg7 9. Be3 O-O 10. Qd3 Be6 11. Bxe6 fxe6 12. Bd4 e5 13. fxe5 Ng4 14. exd6
Bxd4 15. Qxd4 exd6 16. g3 Qg5 17. Qd5+ Qxd5 18. Nxd5 Rae8 19. Nc3 d5 20. h3 d4
21. hxg4 dxc3 22. O-O-O Rxe4 23. Rd7 Rf2 24. Rc7 cxb2+ 25. Kxb2 Ree2 26. Rd1
Rf7 27. Rd8+ Kg7 28. Rdd7 Rxd7 29. Rxd7+ Kf6 30. Rxb7 Re3 31. Rxa7 Rxg3 32.
Rxh7 Rxg4 33. Kb3 Ke6 34. a4 Rg1 35. Kb4 Kd6 36. a5 Kc6 37. Rf7 g5 38. Rg7 g4
39. Rg6+ Kb7 40. c4 g3 41. Kb5 Rb1+ 42. Kc5 Rg1 43. Rb6+ Ka7 44. Rb3 Ka6 45.
Kb4 Rg2 46. Kc5 Rg1 47. Rf3 Rg2 48. Rf8 Rc2 49. Ra8+ Kb7 50. Rg8 g2 51. Rg6 Rf2
52. Rg8 Ka6 53. Rg7 Rd2 54. Kc6 Kxa5 55. c5 Rf2 56. Kd6 Kb5 57. Rg5 Rf6+ 58.
Kd7 Rc6 59. Rxg2 1/2-1/2

[Event "World Junior Chess Championship U18 b"]
[Site "Gaziantep"]
[Date "2008.08.07"]
[Round "6.39"]
[White "Alvarez Ramirez, Miguel Angel"]
[Black "Abdulov, Orkhan"]
[Result "0-1"]
[WhiteElo "2194"]
[BlackElo "2318"]
[PlyCount "72"]
[EventDate "2008.08.??"]
[EventType "swiss"]
[EventRounds "13"]
[EventCountry "TUR"]

1. d4 Nf6 2. c4 g6 3. Nc3 Bg7 4. e4 d6 5. Nf3 O-O 6. Be2 Bg4 7. Be3 Nfd7 8. Ng1
Bxe2 9. Ngxe2 c5 10. O-O Nc6 11. d5 Nce5 12. b3 a6 13. h3 Nf6 14. f4 Ned7 15.
Qd3 Re8 16. g4 Qc7 17. Ng3 Nf8 18. Rae1 N6d7 19. Bd2 b5 20. cxb5 axb5 21. Nxb5
Qb6 22. a4 c4+ 23. Qe3 cxb3 24. Qxb6 Nxb6 25. Nc7 Nc4 26. Rd1 b2 27. Nxe8 Rxe8
28. a5 b1=Q 29. Rxb1 Nxd2 30. Rb7 Bd4+ 31. Kg2 Nxf1 32. Kxf1 e6 33. dxe6 Nxe6
34. f5 Nc5 35. Rb4 Bc3 36. Rb6 Be5 0-1

[Event "World Junior Chess Championship U18 b"]
[Site "Gaziantep"]
[Date "2008.08.07"]
[Round "6.40"]
[White "Apaydin, Fethi"]
[Black "Grover, Sahaj"]
[Result "1/2-1/2"]
[WhiteElo "2187"]
[BlackElo "2306"]
[PlyCount "146"]
[EventDate "2008.08.??"]
[EventType "swiss"]
[EventRounds "13"]
[EventCountry "TUR"]

1. e4 e5 2. Nc3 Nf6 3. Bc4 Nxe4 4. Qh5 Nd6 5. Bb3 Nc6 6. Nb5 g6 7. Qf3 f5 8.
Qd3 Qf6 9. Nxc7+ Kd8 10. Nxa8 b6 11. Nxb6 axb6 12. Qf3 Nd4 13. Qh3 Bb7 14. Ne2
Nxe2 15. Kxe2 g5 16. Kf1 h5 17. d4 exd4 18. Qd3 h4 19. h3 Ne4 20. c3 Qc6 21.
Rg1 dxc3 22. bxc3 Bc5 23. Be3 Re8 24. Rd1 Bxe3 25. fxe3 Ng3+ 26. Kf2 f4 27. Bd5
fxe3+ 28. Ke1 Qf6 29. Bf3 Re7 30. Qd4 Qxd4 31. Rxd4 Bxf3 32. gxf3 Rf7 33. Rxg3
hxg3 34. Ke2 Rf4 35. Rd5 Rc4 36. Rxg5 Rxc3 37. Rxg3 d5 38. Rg5 Rc5 39. h4 Ra5
40. Kxe3 Rxa2 41. Rxd5+ Ke7 42. Rb5 Rh2 43. h5 Kf7 44. Kf4 Rh1 45. Kg5 Rg1+ 46.
Kh6 Rg3 47. f4 Rg4 48. f5 Rg1 49. Rxb6 Rf1 50. Rb5 Rg1 51. Kh7 Rg7+ 52. Kh6 Rg1
53. Rb7+ Kf6 54. Kh7 Kxf5 55. Rf7+ Ke6 56. Rg7 Rh1 57. h6 Kf6 58. Rg2 Kf7 59.
Rf2+ Ke7 60. Ra2 Rg1 61. Ra7+ Kf8 62. Ra3 Kf7 63. Rf3+ Ke7 64. Kh8 Rh1 65. h7
Rg1 66. Rf4 Rg2 67. Ra4 Kf7 68. Ra7+ Kf8 69. Ra8+ Kf7 70. Rg8 Rh2 71. Rg7+ Kf8
72. Rg1 Rf2 73. Rb1 Rg2 1/2-1/2

[Event "World Junior Chess Championship U18 b"]
[Site "Gaziantep"]
[Date "2008.08.07"]
[Round "6.41"]
[White "Dragicevic, Drazen"]
[Black "Ilic, Slavisa"]
[Result "1-0"]
[WhiteElo "2302"]
[BlackElo "2081"]
[PlyCount "107"]
[EventDate "2008.08.??"]
[EventType "swiss"]
[EventRounds "13"]
[EventCountry "TUR"]

1. e4 d5 2. exd5 Qxd5 3. Nc3 Qa5 4. d4 Nf6 5. Bd3 Bg4 6. f3 Bh5 7. Nge2 e6 8.
Nf4 Bg6 9. Qe2 Bxd3 10. Nxd3 Nbd7 11. Bd2 c6 12. O-O-O Nd5 13. Kb1 Nxc3+ 14.
Bxc3 Qb6 15. f4 O-O-O 16. f5 exf5 17. Qf3 g6 18. g4 Bg7 19. Ne5 Nxe5 20. dxe5
Qc7 21. Qe3 fxg4 22. Qxa7 Bxe5 23. Ba5 Qe7 24. Bxd8 Rxd8 25. Rxd8+ Qxd8 26. a4
f5 27. Qa8+ Bb8 28. a5 Qd4 29. a6 Qa7 30. axb7+ Qxb7 31. Qa2 Qd7 32. Qa6+ Qb7
33. Qc4 Qd7 34. Qg8+ Kb7 35. Qb3+ Ka8 36. Re1 Qd5 37. Qa4+ Kb7 38. Qb4+ Qb5 39.
Qe7+ Kb6 40. Re3 Bxh2 41. Rb3 Qxb3 42. cxb3 g3 43. Qe3+ Kb7 44. Qf4 Kc8 45. Kc2
Kd7 46. Kd3 Ke6 47. Ke2 Kf6 48. Kf3 Kg7 49. Qc7+ Kh6 50. Qe7 Bg1 51. Kxg3 c5
52. b4 cxb4 53. Qxb4 Be3 54. Qh4+ 1-0

[Event "World Junior Chess Championship U18 b"]
[Site "Gaziantep"]
[Date "2008.08.07"]
[Round "6.42"]
[White "Haridas, Pascua"]
[Black "Plenca, Julijan"]
[Result "1-0"]
[WhiteElo "2174"]
[BlackElo "2295"]
[PlyCount "143"]
[EventDate "2008.08.??"]
[EventType "swiss"]
[EventRounds "13"]
[EventCountry "TUR"]

1. d4 d5 2. c4 c6 3. Nc3 Nf6 4. Nf3 dxc4 5. a4 Bg4 6. Ne5 Bh5 7. a5 e6 8. Nxc4
Bb4 9. Qb3 Na6 10. e3 Ne4 11. Ne5 Bxa5 12. Bxa6 bxa6 13. O-O Bxc3 14. bxc3 O-O
15. f3 Nd6 16. Rxa6 Re8 17. Nxc6 Qc8 18. Qa4 f6 19. Ba3 Qc7 20. e4 Nc8 21. Rb1
Qf4 22. Bc1 Qc7 23. Qb5 Nb6 24. Ba3 Bg6 25. Bc5 f5 26. Nxa7 Nd7 27. Qb7 Qxb7
28. Rxb7 Nxc5 29. dxc5 fxe4 30. fxe4 Bxe4 31. Rd7 e5 32. c6 Bf5 33. Rd5 Re7 34.
Rda5 Bd3 35. Rb6 e4 36. Rb7 Ree8 37. Ra1 e3 38. c7 e2 39. Kf2 Rf8+ 40. Ke3 Ba6
41. Rb8 Raxb8 42. cxb8=Q Rxb8 43. Nc6 Rb3 44. Kf2 Rb6 45. Nd4 Rf6+ 46. Nf3 g5
47. h3 h5 48. Ra5 g4 49. hxg4 hxg4 50. Rg5+ Kf8 51. Rxg4 Rc6 52. Ra4 Bb5 53.
Rf4+ Kg8 54. Nd4 Rc4 55. Nxe2 Rc8 56. Rf3 Ra8 57. Nd4 Bc4 58. Ke3 Kg7 59. Nf5+
Kg6 60. Kd4 Ra4 61. Ke3 Ra2 62. Nh4+ Kg5 63. Rf5+ Kh6 64. g4 Re2+ 65. Kf4 Rc2
66. Rc5 Bf1 67. Rc6+ Kh7 68. Nf5 Rf2+ 69. Kg5 Bd3 70. Rc7+ Kh8 71. Kg6 Bc4 72.
Rxc4 1-0

[Event "World Junior Chess Championship U18 b"]
[Site "Gaziantep"]
[Date "2008.08.07"]
[Round "6.43"]
[White "Martins, Vinicius Tine"]
[Black "Deruni, Berc"]
[Result "1-0"]
[WhiteElo "2292"]
[BlackElo "2032"]
[PlyCount "61"]
[EventDate "2008.08.??"]
[EventType "swiss"]
[EventRounds "13"]
[EventCountry "TUR"]

1. e4 c5 2. Nf3 d6 3. d4 cxd4 4. Nxd4 Nf6 5. Nc3 g6 6. Be3 Bg7 7. f3 Nc6 8. Qd2
O-O 9. Bc4 Bd7 10. h4 Rc8 11. Bb3 h5 12. O-O-O Ne5 13. Bg5 Rc5 14. Kb1 b5 15.
g4 a5 16. a3 b4 17. axb4 axb4 18. Na2 hxg4 19. h5 Nxh5 20. f4 Nc4 21. Qxb4 Qc7
22. f5 Ng3 23. Qe1 Nxh1 24. Qxh1 Rb8 25. Qh2 d5 26. Bf4 Ne5 27. Rh1 e6 28. Qh7+
Kf8 29. Bh6 Bxh6 30. f6 Ke8 31. Qh8+ 1-0

[Event "World Junior Chess Championship U18 b"]
[Site "Gaziantep"]
[Date "2008.08.07"]
[Round "6.45"]
[White "Aydogdu, Ataman"]
[Black "Nukin, Askhat"]
[Result "0-1"]
[WhiteElo "2050"]
[BlackElo "2244"]
[PlyCount "112"]
[EventDate "2008.08.??"]
[EventType "swiss"]
[EventRounds "13"]
[EventCountry "TUR"]

1. d4 Nf6 2. c4 g6 3. Nc3 Bg7 4. g3 O-O 5. Bg2 d6 6. Nf3 Nc6 7. O-O a6 8. e4
Bg4 9. h3 Bxf3 10. Bxf3 Nd7 11. Be3 e5 12. dxe5 dxe5 13. Ne2 Qe7 14. Bg2 Rfd8
15. Qc2 Nd4 16. Bxd4 exd4 17. Nf4 Ne5 18. Nd3 b5 19. cxb5 axb5 20. Rfc1 Rac8
21. Nxe5 Qxe5 22. Bf1 d3 23. Bxd3 Qxb2 24. Rab1 Qxc2 25. Bxc2 Rd2 26. Bb3 Bd4
27. Rf1 c5 28. Rbd1 Re2 29. Bd5 Rb8 30. Kg2 Rb6 31. Rde1 Rb2 32. Rb1 c4 33.
Rxb2 Bxb2 34. Rb1 c3 35. Bb3 Rc6 36. Bc2 Ra6 37. Kf3 Rxa2 38. Ke3 b4 39. Rd1
Kg7 40. Rd7 Bc1+ 41. Kd3 Rb2 42. Rb7 h5 43. f3 Bd2 44. Rb5 Kh6 45. Rb7 f6 46.
Rb5 Be1 47. g4 Bg3 48. gxh5 gxh5 49. Rb6 Kg5 50. Rb7 Be5 51. Rb6 Kf4 52. Rb7 h4
53. Rh7 Kg3 54. f4 Bxf4 55. Rg7+ Kxh3 56. Rg6 Be5 0-1

[Event "World Junior Chess Championship U18 b"]
[Site "Gaziantep"]
[Date "2008.08.07"]
[Round "6.46"]
[White "Niemi, Mikko"]
[Black "Ozdover, Mustafa Berkay"]
[Result "1-0"]
[WhiteElo "2214"]
[BlackElo "1768"]
[PlyCount "63"]
[EventDate "2008.08.??"]
[EventType "swiss"]
[EventRounds "13"]
[EventCountry "TUR"]

1. g3 f5 2. Bg2 Nf6 3. c4 g6 4. Nc3 Bg7 5. Nf3 O-O 6. O-O d6 7. d4 c6 8. Re1
Qc7 9. e4 fxe4 10. Nxe4 Nxe4 11. Rxe4 e5 12. dxe5 dxe5 13. Re1 Bg4 14. h3 Be6
15. Qe2 Nd7 16. b3 Rae8 17. Ng5 h6 18. Ne4 b6 19. Ba3 c5 20. Rad1 a6 21. Bb2
Re7 22. Rd6 Bf5 23. Red1 Nf6 24. g4 Bc8 25. Qc2 g5 26. Nxf6+ Rxf6 27. Rxf6 Bxf6
28. Qg6+ Bg7 29. Rd6 b5 30. Bd5+ Kh8 31. Be4 Bf8 32. Rd8 1-0

[Event "World Junior Chess Championship U18 b"]
[Site "Gaziantep"]
[Date "2008.08.07"]
[Round "6.47"]
[White "Acarbay, Aydin"]
[Black "Sousa, Ricardo"]
[Result "1/2-1/2"]
[WhiteElo "1825"]
[BlackElo "2133"]
[PlyCount "87"]
[EventDate "2008.08.??"]
[EventType "swiss"]
[EventRounds "13"]
[EventCountry "TUR"]

1. d4 g6 2. c4 Nf6 3. Nc3 Bg7 4. e4 d6 5. Nf3 O-O 6. Be2 Nbd7 7. O-O e5 8. dxe5
dxe5 9. Be3 c6 10. Nd2 Qe7 11. a3 Nc5 12. b4 Ne6 13. c5 Nd4 14. Nc4 Rd8 15. Nd6
Ne8 16. Nxc8 Raxc8 17. Bd3 Nc7 18. Bc4 Nce6 19. Bxe6 Qxe6 20. Qa4 a6 21. Rac1
Rd7 22. Kh1 Rcd8 23. Rb1 Bf6 24. Nd1 h5 25. Nb2 Kg7 26. Rbc1 h4 27. h3 g5 28.
Nc4 g4 29. hxg4 Qxg4 30. f3 Qe6 31. Qd1 Be7 32. Nb6 Rc7 33. Bxd4 Rxd4 34. Qc2
Bg5 35. Rcd1 Rxd1 36. Rxd1 Bf4 37. Rd6 Qe7 38. Qf2 Qg5 39. Rd1 Kh6 40. Nc4 f6
41. Rd6 Rh7 42. Rd8 Kh5 43. Rd6 Rg7 44. Rd8 1/2-1/2

[Event "World Junior Chess Championship U18 b"]
[Site "Gaziantep"]
[Date "2008.08.07"]
[Round "6.48"]
[White "Ertan, Can"]
[Black "Gurcan, Eray"]
[Result "1-0"]
[WhiteElo "2149"]
[BlackElo "1955"]
[PlyCount "85"]
[EventDate "2008.08.??"]
[EventType "swiss"]
[EventRounds "13"]
[EventCountry "TUR"]

1. e4 c5 2. Nf3 d6 3. d4 cxd4 4. Nxd4 Nf6 5. Nc3 a6 6. Be2 e5 7. Nb3 Be7 8. O-O
O-O 9. Be3 Be6 10. a4 Qc7 11. a5 Nbd7 12. Nd5 Nxd5 13. exd5 Bf5 14. c4 Rac8 15.
f4 exf4 16. Bxf4 Bg6 17. Rc1 Nc5 18. Kh1 Bf6 19. Nxc5 Qxc5 20. Qd2 Rfe8 21. Bg4
Rcd8 22. b4 Qd4 23. Rfd1 Re4 24. g3 Qxd2 25. Rxd2 Rd4 26. Bf3 Rxd2 27. Bxd2 Bb2
28. Re1 Bd4 29. Re7 Bd3 30. Rc7 h6 31. c5 dxc5 32. bxc5 f5 33. d6 Be4 34. Kg2
g5 35. Bb4 g4 36. Bxe4 fxe4 37. d7 Kf7 38. Rxb7 Ke6 39. c6 Be5 40. c7 Bxc7 41.
Rxc7 Rxd7 42. Rxd7 Kxd7 43. Kf2 1-0

[Event "World Junior Chess Championship U18 b"]
[Site "Gaziantep"]
[Date "2008.08.08"]
[Round "7.1"]
[White "Braun, Arik"]
[Black "Li, Chao B"]
[Result "1-0"]
[WhiteElo "2533"]
[BlackElo "2590"]
[PlyCount "83"]
[EventDate "2008.08.??"]
[EventType "swiss"]
[EventRounds "13"]
[EventCountry "TUR"]

1. Nf3 Nf6 2. c4 g6 3. Nc3 Bg7 4. g3 d5 5. cxd5 Nxd5 6. Bg2 Nb6 7. O-O Nc6 8.
d3 O-O 9. Be3 Re8 10. Qd2 e5 11. Bg5 f6 12. Bh6 Be6 13. Ne4 Qe7 14. Bxg7 Kxg7
15. Rfc1 Bf7 16. b4 Nd4 17. Nxd4 exd4 18. Qb2 Rad8 19. a4 c6 20. a5 Nd5 21.
Qxd4 a6 22. Rab1 Nf4 23. Qb2 Nxg2 24. Kxg2 Bd5 25. f3 Kf7 26. Rc2 h5 27. Nc5 h4
28. e4 Be6 29. g4 Bc8 30. Qc1 Qd6 31. Qe3 f5 32. Rf2 h3+ 33. Kg1 Qd4 34. Qxd4
Rxd4 35. Kf1 Kf6 36. Ke2 f4 37. Kd2 Red8 38. Kc3 Be6 39. Rd2 Bc4 40. Nxb7 R8d7
41. Nc5 Rd8 42. e5+ 1-0

[Event "World Junior Chess Championship U18 b"]
[Site "Gaziantep"]
[Date "2008.08.08"]
[Round "7.2"]
[White "Howell, David"]
[Black "Ramirez, Alejandro"]
[Result "1-0"]
[WhiteElo "2561"]
[BlackElo "2531"]
[PlyCount "85"]
[EventDate "2008.08.??"]
[EventType "swiss"]
[EventRounds "13"]
[EventCountry "TUR"]

1. e4 Nf6 2. e5 Nd5 3. d4 d6 4. c4 Nb6 5. f4 dxe5 6. fxe5 Nc6 7. Be3 Bf5 8. Nc3
e6 9. Nf3 Bg4 10. Be2 Bxf3 11. gxf3 Qh4+ 12. Bf2 Qf4 13. c5 Nd5 14. Nxd5 exd5
15. Qd2 Qxd2+ 16. Kxd2 g6 17. Be3 Kd7 18. f4 Ne7 19. Bg4+ Nf5 20. Bxf5+ gxf5
21. Rag1 Bh6 22. Rg3 Rag8 23. Ke2 Rg6 24. Rh3 Bf8 25. Rh5 Ke6 26. b4 Rh6 27.
Rxh6+ Bxh6 28. Rg1 Bf8 29. b5 Be7 30. Rg3 b6 31. Rh3 f6 32. Bf2 Rb8 33. a4 a6
34. c6 axb5 35. axb5 Rh8 36. Bh4 Kf7 37. Bxf6 Bxf6 38. exf6 Kxf6 39. Re3 Ra8
40. Re5 Ra2+ 41. Kd3 Rxh2 42. Rxd5 Rg2 43. Rd7 1-0

[Event "World Junior Chess Championship U18 b"]
[Site "Gaziantep"]
[Date "2008.08.08"]
[Round "7.4"]
[White "Gupta, Abhijeet"]
[Black "Safarli, Eltaj"]
[Result "0-1"]
[WhiteElo "2551"]
[BlackElo "2527"]
[PlyCount "144"]
[EventDate "2008.08.??"]
[EventType "swiss"]
[EventRounds "13"]
[EventCountry "TUR"]

1. d4 Nf6 2. c4 g6 3. Nc3 d5 4. cxd5 Nxd5 5. Bd2 Bg7 6. e4 Nxc3 7. Bxc3 O-O 8.
Bc4 c5 9. d5 Bxc3+ 10. bxc3 Qa5 11. Ne2 b5 12. Bb3 c4 13. Bc2 e6 14. O-O Rd8
15. a4 exd5 16. exd5 bxa4 17. Rxa4 Qc5 18. Ng3 Nd7 19. Ne4 Qf8 20. Rxc4 Ba6 21.
Rc7 Bxf1 22. Rxd7 f5 23. Rxd8 Rxd8 24. Kxf1 fxe4 25. Bxe4 Qc5 26. Qd3 a5 27. c4
a4 28. Bxg6 hxg6 29. Qxg6+ Kf8 30. Qf6+ Ke8 31. Qe6+ Qe7 32. Qc6+ Qd7 33. Qg6+
Ke7 34. Qg7+ Kd6 35. Qd4 Rc8 36. Qb6+ Ke7 37. Qe3+ Kd8 38. Qb6+ Qc7 39. Qf6+
Qe7 40. Qb6+ Ke8 41. Qa6 Qd7 42. h3 Kf7 43. Kg1 Kg7 44. h4 Rf8 45. d6 Qf5 46.
Qa7+ Rf7 47. Qd4+ Qf6 48. Qg4+ Kh6 49. d7 Rf8 50. Qe2 Rd8 51. Qd2+ Kg7 52. g3
Qf5 53. Qd4+ Kg8 54. c5 Qxd7 55. Qc4+ Kg7 56. c6 Qd1+ 57. Kh2 Qf3 58. Qc5 Rf8
59. Kg1 Qf5 60. Qa7+ Rf7 61. c7 Qb1+ 62. Kg2 Qe4+ 63. Kg1 Qe5 64. Kg2 Qc3 65.
Kg1 Qc1+ 66. Kh2 Qxc7 67. Qd4+ Kg8 68. f4 Qc2+ 69. Kh3 a3 70. h5 a2 71. g4 Qb1
72. Qd8+ Kh7 0-1

[Event "World Junior Chess Championship U18 b"]
[Site "Gaziantep"]
[Date "2008.08.08"]
[Round "7.5"]
[White "Laznicka, Viktor"]
[Black "Hou, Yifan"]
[Result "0-1"]
[WhiteElo "2601"]
[BlackElo "2557"]
[PlyCount "106"]
[EventDate "2008.08.??"]
[EventType "swiss"]
[EventRounds "13"]
[EventCountry "TUR"]

1. Nf3 Nf6 2. c4 c5 3. g3 Nc6 4. Bg2 d6 5. d4 cxd4 6. Nxd4 Bd7 7. Nc3 g6 8. O-O
Bg7 9. Nc2 O-O 10. b3 Qc8 11. Re1 Bh3 12. Bd2 Bxg2 13. Kxg2 a6 14. a4 Rd8 15.
e4 e6 16. Ne3 Nb4 17. Qf3 Qc6 18. Rec1 Qe8 19. Rd1 Nd7 20. Rab1 Ne5 21. Qe2
Nec6 22. Qf1 Nd4 23. Ne2 Nbc6 24. Nxd4 Nxd4 25. Ba5 Rd7 26. Qd3 Nc6 27. Bc3
Bxc3 28. Qxc3 f5 29. b4 Rc8 30. c5 d5 31. exd5 exd5 32. Nxd5 Rxd5 33. Qc4 Ne7
34. Rxd5 Qc6 35. Rbd1 b5 36. Qd4 Rd8 37. Qf6 Qxf6 38. Rxd8+ Kf7 39. R1d6 Qe5
40. axb5 axb5 41. R8d7 Qe4+ 42. Kg1 Qxb4 43. c6 Qe1+ 44. Kg2 b4 45. c7 Qc1 46.
Rb6 b3 47. f3 Qc2+ 48. Kh3 f4 49. g4 h5 50. Rb8 hxg4+ 51. fxg4 b2 52. Rxb2 Qc3+
53. Kh4 Qh8+ 0-1

[Event "World Junior Chess Championship U18 b"]
[Site "Gaziantep"]
[Date "2008.08.08"]
[Round "7.7"]
[White "Zhigalko, Sergei"]
[Black "Melkumyan, Hrant"]
[Result "0-1"]
[WhiteElo "2583"]
[BlackElo "2507"]
[PlyCount "96"]
[EventDate "2008.08.??"]
[EventType "swiss"]
[EventRounds "13"]
[EventCountry "TUR"]

1. e4 e5 2. Nf3 Nc6 3. Bb5 a6 4. Ba4 Nf6 5. O-O Be7 6. Re1 b5 7. Bb3 d6 8. c3
O-O 9. d3 Na5 10. Bc2 c5 11. Nbd2 Nc6 12. Nf1 Re8 13. a4 Bb7 14. Ng3 h6 15. h3
Bf8 16. Nh2 d5 17. Ng4 d4 18. Nf5 Nxg4 19. Qxg4 Kh7 20. Bb3 c4 21. dxc4 Na5 22.
Ba2 bxc4 23. cxd4 exd4 24. Bd2 Nb3 25. Bxb3 cxb3 26. Bb4 g6 27. Bxf8 Rxf8 28.
Ng3 d3 29. Qd1 a5 30. Qxb3 Rb8 31. Qa3 Qd4 32. Rad1 Ba6 33. Rd2 Rfe8 34. Rc1
Rec8 35. Rxc8 Rxc8 36. Qe7 Rc1+ 37. Kh2 Bc4 38. Qc7 Rc2 39. Nf1 Qxe4 40. Qxa5
Qe1 41. Rxc2 Qxa5 42. Rxc4 Qe1 43. Ne3 Qxf2 44. Ng4 Qb6 45. Rf4 Qb8 46. g3
Qxb2+ 47. Rf2 d2 48. Ne3 Qb3 0-1

[Event "World Junior Chess Championship U18 b"]
[Site "Gaziantep"]
[Date "2008.08.08"]
[Round "7.8"]
[White "Nguyen, Ngoc Truong Son"]
[Black "Hammer, Jon Ludvig"]
[Result "1-0"]
[WhiteElo "2579"]
[BlackElo "2494"]
[PlyCount "107"]
[EventDate "2008.08.??"]
[EventType "swiss"]
[EventRounds "13"]
[EventCountry "TUR"]

1. d4 Nf6 2. c4 e6 3. Nc3 Bb4 4. e3 O-O 5. Bd3 c5 6. Nf3 d5 7. O-O dxc4 8. Bxc4
Nbd7 9. Qe2 b6 10. Rd1 cxd4 11. exd4 Bxc3 12. bxc3 Qc7 13. Bd3 Qxc3 14. Bb2 Qc7
15. Rac1 Qd6 16. d5 exd5 17. Nd4 Nc5 18. Nb5 Qe6 19. Qd2 Nxd3 20. Nc7 Qf5 21.
Qxd3 Rb8 22. Bxf6 Qxd3 23. Rxd3 gxf6 24. Nxd5 f5 25. h4 Be6 26. Rc7 Bxd5 27.
Rxd5 Rfc8 28. Rxa7 Ra8 29. Rb7 Rcb8 30. Rbd7 Ra5 31. R5d6 Kg7 32. h5 h6 33.
Rg6+ Kf8 34. Rxh6 Kg8 35. Rf6 Rf8 36. Rxb6 Rxa2 37. Rd5 f4 38. Rg5+ Kh7 39. Rf6
Ra4 40. Kh2 Rb4 41. f3 Ra4 42. Rgf5 Kg7 43. Kh3 Rb4 44. Rxf4 Rxf4 45. Rxf4 Rb8
46. g4 Rb5 47. Kh4 Rb1 48. Kg5 Rb5+ 49. Rf5 Rb7 50. h6+ Kh7 51. f4 Ra7 52. Kh5
Rb7 53. g5 Kg8 54. Rf6 1-0